| 000 | 00000nam##2200000za#4500 |
| 001 | 9.602650 |
| 003 | CaOODSP |
| 005 | 20210624210657 |
| 007 | cr ||||||||||| |
| 008 | 150406|1999||||xxc|||||o f|0| 0 fre|d |
| 040 | |aCaOODSP|bfre |
| 043 | |an-cn--- |
| 086 | 1 |aNH18-22/99-108F-PDF |
| 110 | 2 |aSociété canadienne d'hypothèques et de logement. |
| 245 | 10|aAmélioration des filtres dans les habitations : |h[ressource électronique]|beffets sur l'exposition aux particules |
| 260 | |aOttawa - Ontario : |bSociété canadienne d'hypothèques et de logement |c[1999]. |
| 300 | |a2p. |
| 490 | 1 |aLe point en recherche. Série technique|v99-108 |
| 590 | |a11-29-Supp|b2011-11-25 |
| 691 | 07|aQualité de l'air|2gcpds |
| 691 | 07|aLogement|2gcpds |
| 775 | 08|tThe effects of improved residential filtration on particle exposure |w(CaOODSP)9.572267 |
| 776 | 0#|tAmélioration des filtres dans les habitations - effets sur l'exposition aux particules |w(CaOODSP)9.625604 |
| 830 | #0|aLe point en recherche. Série technique ;|v99-108|w(CaOODSP)9.501067 |
| 856 | 40|ahttp://publications.gc.ca|qPDF|s84 Ko|uhttps://publications.gc.ca/collections/Collection/NH18-22-99-108F.pdf|y99-108 |